World Cup Group Stage Goalscorers 2006 - Statistics

General Stats
  • This quiz has been taken 5 times
  • The average score is 45 of 117
Answer Stats
Group Nation Score Player % Correct
F Brazil 1-0 Adriano
100%
H Ukraine 1-0 | 3-0 Andriy Shevchenko
100%
C Netherlands 1-0 Arjen Robben
100%
D Portugal 2-0 Cristiano Ronaldo
100%
C Ivory Coast 2-1 Didier Drogba
100%
H Spain 2-1 | 3-1 | 4-0 Fernando Torres
100%
C Argentina 1-0 | 4-0 Hernan Crespo
100%
B England 1-0 Joe Cole
100%
F Brazil 1-0 Kaka
100%
A Germany 2-0 Lukas Podolski
100%
A Germany 1-0 | 2-1 | 3-0 | 3-1 Miroslav Klose
100%
A Germany 1-0 Philipp Lahm
100%
F Brazil 1-1 | 4-1 Ronaldo
100%
G France 1-0 | 2-0 Thierry Henry
100%
A Germany 4-2 Torsten Frings
100%
E USA 1-1 Clint Dempsey
67%
H Spain 2-0 | 3-0 David Villa
67%
D Portugal 1-0 Deco
67%
E Italy 2-0 Filippo Inzaghi
67%
B Sweden 1-0 Freddie Ljungberg
67%
B Sweden 2-2 Henrik Larsson
67%
F Brazil 2-1 Juninho
67%
C Argentina 6-0 Lionel Messi
67%
C Argentina 1-0 | 3-0 Maxi Rodriguez
67%
D Portugal 1-0 Pauleta
67%
A Costa Rica 1-1 | 3-2 Paulo Wanchope
67%
H Spain 1-1 Raul
67%
C Netherlands 1-0 Robin van Persie
67%
B England 2-0 | 2-1 Steven Gerrard
67%
E Italy 1-0 Alberto Gilardino
33%
G Switzerland 1-0 | 2-0 Alexander Frei
33%
E Italy 1-0 Andrea Pirlo
33%
A Poland 1-1 | 2-1 Bartosz Bosacki
33%
C Ivory Coast 3-2 Bonaventure Kalou
33%
E Italy (OG) 1-1 Cristian Zaccardo
33%
F Australia 2-2 Harry Kewell
33%
E Czech Republic 1-0 Jan Koller
33%
C Argentina 2-0 Javier Saviola
33%
D Portugal 1-0 Maniche
33%
E Italy 1-0 Marco Materazzi
33%
A Germany 1-0 Oliver Neuville
33%
G South Korea 1-1 Park Ji-sung
33%
B England 1-0 Peter Crouch
33%
G Switzerland 1-0 Philippe Senderos
33%
C Netherlands 2-0 Ruud van Nistelrooy
33%
H Ukraine 2-0 Serhiy Rebrov
33%
E Ghana 2-1 Stephen Appiah
33%
E Ghana 2-0 Sulley Muntari
33%
F Australia 1-1 | 2-1 Tim Cahill
33%
E Czech Republic 2-0 | 3-0 Tomas Rosicky
33%
G Switzerland 2-0 Tranquillo Barnetta
33%
E Italy 2-0 Vincenzo Iaquinta
33%
H Spain 1-0 Xabi Alonso
33%
A Ecuador 2-0 Agustin Delgado
0%
G South Korea 2-1 Ahn Jung-hwan
0%
H Ukraine 1-0 Andriy Rusol
0%
D Mexico 3-1 Antonio Sinha
0%
C Ivory Coast 2-1 | 2-2 Aruna Dindane
0%
E Ghana 1-0 Asamoah Gyan
0%
C Ivory Coast 2-1 Bakari Kone
0%
B Trinidad and Tobago (OG) 1-0 Brent Sancho
0%
B Paraguay (OG) 1-0 Carlos Gamarra
0%
A Ecuador 1-0 Carlos Tenorio
0%
C Argentina 5-0 Carlos Tevez
0%
F Australia 1-1 Craig Moore
0%
F Croatia 1-0 Darijo Srna
0%
C Argentina 2-0 Esteban Cambiasso
0%
D Angola 1-0 Flavio
0%
F Brazil 2-0 Fred
0%
F Brazil 3-1 Gilberto
0%
E Ghana 1-0 Haminu Draman
0%
A Ecuador 3-0 Jaime Kaviedes
0%
H Tunisia 1-0 Jawhar Mnari
0%
F Australia 3-1 John Aloisi
0%
D Mexico 2-1 Jose Fonseca
0%
H Spain 1-0 Juanito
0%
F Japan 1-0 Keiji Tamada
0%
G South Korea 1-1 Lee Chun-soo
0%
H Ukraine 4-0 Maksym Kalynychenko
0%
B Sweden 1-1 Marcus Allback
0%
G Togo 1-0 Mohammed Abdel-Kader
0%
B Paraguay 2-0 Nelson Cuevas
0%
F Croatia 2-1 Niko Kovac
0%
C Serbia and Montenegro 1-0 Nikola Zigic
0%
D Mexico 1-0 | 2-1 Omar Bravo
0%
G France 1-0 Patrick Viera
0%
H Tunisia 2-2 Radhi Jaidi
0%
A Costa Rica 1-0 Ronald Gomez
0%
H Saudi Arabia 2-1 Sami Al-Jaber
0%
C Serbia and Montenegro 2-0 Sasa Ilic
0%
F Japan 1-0 Shunsuke Nakamura
0%
D Portugal 2-0 Simao
0%
D Iran 1-1 Sohrab Bakhtiarizadeh
0%
D Iran 1-1 Yahya Golmohammadi
0%
H Saudi Arabia 1-1 Yasser Al-Qahtani
0%
H Tunisia 1-0 Ziad Jaziri
0%
No matching quizzes found
Score Distribution
Percent of People with Each Score
Percentile by Number Answered
Your Score History
You have not taken this quiz